| 000 | 00873cam a2200205 i 4500 | ||
|---|---|---|---|
| 005 | 20260125121126.0 | ||
| 008 | 250721s2023 jo gr 000 0 ara d | ||
| 020 | _a9789923200193 | ||
| 082 | 1 | 4 |
_a345.01 _bه ل س |
| 100 | 1 |
_aالهلسه، عامر _eمؤلف. |
|
| 245 | 1 | 2 |
_aالموسوعة القانونية للاختصاص الجزائي لمحكمة امن الدولة : _bشرح قانون محكمة امن الدولة رقم 17 لسنة 1959 وتعديلاته / _cالقاضي العسكري عامر حسين الهلسه. |
| 250 | _aالطبعه الاولى. | ||
| 264 | 3 | 1 |
_aعمان : _bدار الثقافة، _c2023. |
| 300 | _aالجزء الأول. | ||
| 650 | 1 | 7 | _aالمحاكم الخاصة. |
| 650 | 1 | 7 | _aامن الدولة. |
| 650 | 1 | 7 | _aالمحاكم الجنائية. |
| 942 |
_2ddc _cBK |
||
| 999 |
_c144629 _d144629 |
||